<?xml version="1.0" encoding="UTF-8"?>
<record
    xmlns:xsi="http://www.w3.org/2001/XMLSchema-instance"
    xsi:schemaLocation="http://www.loc.gov/MARC21/slim http://www.loc.gov/standards/marcxml/schema/MARC21slim.xsd"
    xmlns="http://www.loc.gov/MARC21/slim">

  <leader>00792nam a22001697a 4500</leader>
  <datafield tag="999" ind1=" " ind2=" ">
    <subfield code="c">60823</subfield>
    <subfield code="d">60823</subfield>
  </datafield>
  <controlfield tag="005">20231025144540.0</controlfield>
  <controlfield tag="008">231025s1973    ru ||||| |||| 00| 0 rus d</controlfield>
  <datafield tag="041" ind1=" " ind2=" ">
    <subfield code="a">rus</subfield>
  </datafield>
  <datafield tag="080" ind1=" " ind2=" ">
    <subfield code="a">726.853(620)(084.1) M-69</subfield>
  </datafield>
  <datafield tag="245" ind1=" " ind2=" ">
    <subfield code="a">&#x41F;&#x438;&#x440;&#x430;&#x43C;&#x438;&#x434;&#x44B; &#x438; &#x43C;&#x430;&#x441;&#x442;&#x430;&#x431;&#x44B; /</subfield>
    <subfield code="c">&#x422;&#x435;&#x43A;&#x441;&#x442; &#x438; &#x440;&#x435;&#x434;&#x430;&#x43A;&#x446;&#x438;&#x44F;: &#x41A;&#x430;&#x437;&#x438;&#x43C;&#x435;&#x436; &#x41C;&#x438;&#x445;&#x430;&#x43B;&#x43E;&#x432;&#x441;&#x43A;&#x438;&#x439;; &#x444;&#x43E;&#x442;&#x43E;&#x433;&#x440;&#x430;&#x444;: &#x410;&#x43D;&#x434;&#x436;&#x435;&#x439; &#x414;&#x437;&#x435;&#x432;&#x430;&#x43D;&#x43E;&#x432;&#x441;&#x43A;&#x438;&#x439;.</subfield>
  </datafield>
  <datafield tag="264" ind1=" " ind2=" ">
    <subfield code="a">&#x412;&#x430;&#x440;&#x448;&#x430;&#x432;&#x430;,</subfield>
    <subfield code="b">&#xAB;&#x410;&#x440;&#x43A;&#x430;&#x434;&#x44B;&#xBB;,</subfield>
    <subfield code="c">1973.</subfield>
  </datafield>
  <datafield tag="300" ind1=" " ind2=" ">
    <subfield code="a">84 &#x441;&#x442;&#x440;.:</subfield>
    <subfield code="b">&#x438;&#x43B;.;</subfield>
    <subfield code="c">29 &#x441;&#x43C;.</subfield>
  </datafield>
  <datafield tag="653" ind1=" " ind2=" ">
    <subfield code="a">&#x10DE;&#x10D8;&#x10E0;&#x10D0;&#x10DB;&#x10D8;&#x10D3;&#x10D4;&#x10D1;&#x10D8; &#x10D3;&#x10D0; &#x10DB;&#x10D0;&#x10E1;&#x10E2;&#x10D0;&#x10D1;&#x10D0;</subfield>
  </datafield>
  <datafield tag="700" ind1=" " ind2=" ">
    <subfield code="a">&#x41C;&#x438;&#x445;&#x430;&#x43B;&#x43E;&#x432;&#x441;&#x43A;&#x438;&#x439;, &#x41A;&#x430;&#x437;&#x438;&#x43C;&#x435;&#x436;</subfield>
    <subfield code="e">&#x10E2;&#x10D4;&#x10E5;&#x10E1;&#x10E2;&#x10D8;&#x10E1; &#x10D0;&#x10D5;&#x10E2;&#x10DD;&#x10E0;&#x10D8;</subfield>
    <subfield code="9">20243</subfield>
  </datafield>
  <datafield tag="700" ind1=" " ind2=" ">
    <subfield code="a">&#x414;&#x437;&#x435;&#x432;&#x430;&#x43D;&#x43E;&#x432;&#x441;&#x43A;&#x438;&#x439;, &#x410;&#x43D;&#x434;&#x436;&#x435;&#x439;</subfield>
    <subfield code="e">&#x10E4;&#x10DD;&#x10E2;&#x10DD;&#x10D2;&#x10E0;&#x10D0;&#x10E4;&#x10D8;</subfield>
    <subfield code="9">20244</subfield>
  </datafield>
  <datafield tag="942" ind1=" " ind2=" ">
    <subfield code="2">udc</subfield>
    <subfield code="c">&#x1CAC;&#x1C98;&#x1C92;&#x1C9C;&#x1C98;</subfield>
  </datafield>
  <datafield tag="952" ind1=" " ind2=" ">
    <subfield code="0">0</subfield>
    <subfield code="1">0</subfield>
    <subfield code="2">udc</subfield>
    <subfield code="4">0</subfield>
    <subfield code="6">7268536200841_M69</subfield>
    <subfield code="7">0</subfield>
    <subfield code="9">96249</subfield>
    <subfield code="a">CPL</subfield>
    <subfield code="b">CPL</subfield>
    <subfield code="d">2023-10-25</subfield>
    <subfield code="g">15.00</subfield>
    <subfield code="o">726.853(620)(084.1) M-69</subfield>
    <subfield code="p">65395</subfield>
    <subfield code="r">2023-10-25</subfield>
    <subfield code="t">65395</subfield>
    <subfield code="u">&#x10D1;&#x10E1;&#x10E3;-&#x10E1; &#x10E1;&#x10D0;&#x10DE;&#x10D0;&#x10E2;&#x10D8;&#x10DD; &#x10D3;&#x10DD;&#x10E5;&#x10E2;&#x10DD;&#x10E0;&#x10D8;&#x10E1; &#x10D2;&#x10E3;&#x10E0;&#x10D0;&#x10DB; &#x10DA;&#x10DD;&#x10E0;&#x10D7;&#x10E5;&#x10D8;&#x10E4;&#x10D0;&#x10DC;&#x10D8;&#x10EB;&#x10D8;&#x10E1; &#x10E1;&#x10D0;&#x10E9;&#x10E3;&#x10E5;&#x10D0;&#x10E0;&#x10D8;</subfield>
    <subfield code="w">2023-10-25</subfield>
    <subfield code="y">&#x1CAC;&#x1C98;&#x1C92;&#x1C9C;&#x1C98;</subfield>
    <subfield code="z">15 &#x10DA;.</subfield>
  </datafield>
</record>
